000 00720cam a2200169 4500
001 ABS60930
008 000000n1999 000 0 eng u
035 _a(Sirsi) u101475
100 _aKnapman, G.
245 _aGuernsey's commercial property market is firing on all cylinders.
260 _c1999
490 _aProperty Forecast
_v2(7) July 1999, 9+11(2)
520 _aAn overview of the commercial property market in Guernsey. Considers the impact of judicial and fiscal autonomy on the market and gives a brief assessment of the office and retail markets. Examples of rental levels and investment yields.
650 _aGUERNSEY
690 _aPROPERTY-COMMERCIAL PROPERTY-COMMERCIAL PROPERTY MARKET
942 _n0
999 _c60608
_d60608